MLB Teams By Clue - Statistics

General Stats
  • This quiz has been taken 968 times
  • The average score is 23 of 30
Answer Stats
Hint Team % Correct
Baby Bear Cubs
97%
Red Bird Cardinals
91%
Native Americans Indians
87%
Red Stockings Red Sox
87%
Little Black and Orange Bird Orioles
86%
Blue Bird Blue Jays
85%
Mountains Rockies
85%
Like a Swordfish Marlins
84%
Siblings Born at the Same Time Twins
84%
Snakes Diamondbacks
83%
Beer Brewers
82%
Color Reds
81%
Same as ^ But Different Color White Sox
81%
Huge Giants
79%
Buccaneers Pirates
79%
Flat Sea Creature With a Stinger Rays
78%
Orange Striped Cat Tigers
78%
Kings and Queens Royals
77%
Pennsylvania City Phillies
74%
Heavenly Angels
70%
Fathers Padres
70%
City People Mets
69%
Courage Braves
68%
Get out of the way! Dodgers
68%
USA Nationals
68%
State Trooper Rangers
65%
Buzz Aldrin Astros
64%
Sailor Mariners
60%
Jock Athletics
54%
Candles Yankees
50%
No matching quizzes found
Score Distribution
Percent of People with Each Score
Percentile by Number Answered
Your Score History
You have not taken this quiz